Outlines of Indian Legal History / (Record no. 124041)

MARC details
000 -LEADER
fixed length control field 00766nam a22002657a 4500
003 - CONTROL NUMBER IDENTIFIER
control field dpl
005 - DATE AND TIME OF LATEST TRANSACTION
control field 20170124105934.0
008 - FIXED-LENGTH DATA ELEMENTS--GENERAL INFORMATION
fixed length control field 161214b xxu||||| |||| 00| 0 eng d
010 ## - LIBRARY OF CONGRESS CONTROL NUMBER
LC control number B-093173
020 ## - INTERNATIONAL STANDARD BOOK NUMBER
Terms of availability 330.00
035 ## - SYSTEM CONTROL NUMBER
System control number B-093173
037 ## - SOURCE OF ACQUISITION
Source of stock number/acquisition Cen Lib/ Ret
040 ## - CATALOGING SOURCE
Original cataloging agency DPL
Language of cataloging EN
Transcribing agency TIT
082 ## - DEWEY DECIMAL CLASSIFICATION NUMBER
Classification number 340.0954
Item number JAI
100 ## - MAIN ENTRY--PERSONAL NAME
Personal name Jain, M.P.
9 (RLIN) 8999
245 ## - TITLE STATEMENT
Title Outlines of Indian Legal History /
Statement of responsibility, etc by M.P. Jain
250 ## - EDITION STATEMENT
Edition statement 5th ed (repr.)
260 ## - PUBLICATION, DISTRIBUTION, ETC. (IMPRINT)
Place of publication, distribution, etc New Delhi
Name of publisher, distributor, etc Wadhwa and Company
Date of publication, distribution, etc 1952
270 ## - ADDRESS
Address B-193 Okhla industrial Area Phase-I
City New Delhi
Postal code 110020
300 ## - PHYSICAL DESCRIPTION
Extent xvii,728p.
Dimensions 23cm(Hb)
500 ## - GENERAL NOTE
General note Includes index.
650 ## - SUBJECT ADDED ENTRY--TOPICAL TERM
Topical term or geographic name as entry element History
9 (RLIN) 9000
650 ## - SUBJECT ADDED ENTRY--TOPICAL TERM
Topical term or geographic name as entry element Indian History
9 (RLIN) 9001
942 ## - ADDED ENTRY ELEMENTS (KOHA)
Source of classification or shelving scheme Dewey Decimal Classification
Koha item type English Books
Classification part 340.0954
Call number suffix JAI
Holdings
Withdrawn status Lost status Source of classification or shelving scheme Damaged status Not for loan Home library Current library Date acquired Source of acquisition Cost, normal purchase price Total Checkouts Full call number Barcode Date last seen Copy number Cost, replacement price Price effective from Koha item type
    Dewey Decimal Classification     Central Library Central Library 13/06/2015 Cen Lib/Ret 330.00   340.0954 JAI B-093173 13/06/2015 1 330.00 13/06/2015 English Books

© Delhi Public Library
Hit Counter
free hit counter